| 000 | 01240nam0a22002651 4500 | ||
|---|---|---|---|
| 001 | rc\1067207 | ||
| 005 | 20260406232945.0 | ||
| 035 | _a(NLR Aleph) 006227475 | ||
| 090 |
_a6536023 _c6536023 |
||
| 100 | _a20041129d1980 |||y0rusy50 ca | ||
| 101 | 0 | _arus | |
| 102 | _aRU | ||
| 105 | _aa ||||||||| | ||
| 200 | 1 |
_aВладимир Яковлевич Либсон _eРеставрация памятников архитектуры. Мемор. памятники. Графика и живопись _eКаталог выставки работ |
|
| 210 |
_aМ. _cБ. и. _d1980 |
||
| 215 |
_a[10] с., 29 л. ил. _cил. _d25х24 |
||
| 300 | _aВ надзаг.: Правл. Союза архитекторов СССР, Моск. орг. | ||
| 320 | _aСписок основных опубл. работ В.Я. Либсона: с. 8-9 | ||
| 320 | _aСписок основных проект., науч. работ и построек В.Я. Либсона: с. 6-7 | ||
| 710 | 1 | 0 |
_aЛибсон, _gВладимир Яковлевич _hВыставка работ _f1980 _eМосква _3RU\NLR\AUTH\889986075 _9467818 |
| 801 | 0 |
_aRU _bNLR _gpsbo |
|
| 801 | 1 |
_aRU _bELAR _2rusmarc |
|
| 852 |
_aNLR _bЭ _jКП/Л553,7 |
||
| 942 | _cBOOK | ||
| 980 | _aNB | ||